000 01797nam a2200337 a 4500
999 _c448430
_d448430
003 BLK
005 20240711123532.0
008 220311b bu |||||r|||| 00| | bu d
020 _a9786190209065
040 _aBLK
041 _aBUL
_cBUL
080 _aИталианска литература
_b821.131.1
_x-93-91
_z821.131.1-93-91
100 _9471345
_aАристарко, Даниеле
_eпърви автор
139 _aАристарко, Даниеле
_bА 84
245 _aБожествена комедия
_bПърви стъпки в тъмната гора
_cДаниеле Аристарко ; ил. Марко Сома ; прев. от итал. Паулина Мичева и др.
260 _9209486
_aСофия
_bКолибри
_c2021
_n978-619-02- ; 978-619-150- ; 978-954-150- ; 978-954-529-
_f[Костинброд] : Мултипринт
300 _a41 с.
_bс цв. ил.
_c33 см
380 _aDX
500 _aОриг. загл.: La divina commedia – il primo passo nella selva oscura / Daniele Aristarco. - Други прев.: Иван Иванов, Любен Любенов. - Любен Любенов - псевд. на прев. Любен Георгиев Прангов. - За авт., ил.: с. 41.
700 _9599
_aСома, Марко
_eил.
700 _91071
_aМичева, Паулина Стойчева
_eпрев. от итал.
700 _91071
_aИванов, Иван Неделчев
_eпрев. от итал.
700 _91071
_aПрангов, Любен Георгиев
_eпрев. от итал.
852 _aЦб ІІ 30670
_bЦб
856 _i0.00
_ldisable
942 _cKNG
_n0
_s1
_07
944 _aCR
_c2022-03-11
_k30531
_lЦветелина Шанова
999 _d448430
999 _d448430
999 _d448430